| 000 | 00623nam a22002057a 4500 | ||
|---|---|---|---|
| 999 |
_c11616 _d11616 |
||
| 003 | AR-CdUCM | ||
| 008 | 190404b ||||| |||| 00| 0 spa d | ||
| 040 |
_aMUNICIPALIDAD PROVINCIAL DEL CUSCO _cBIBLIOTECA MUNICIPAL DEL CUSCO |
||
| 082 |
_a869.56 / _bZ39C / 1955 |
||
| 100 |
_aZavaleta, Carlos Eduardo _910755 |
||
| 245 | _aEl Cristo Villenas / | ||
| 260 |
_aLima : _bAmauta, _c1955 |
||
| 300 |
_a12 páginas ; _c22 cm. |
||
| 505 | _aContenido: El cristo Villenas. | ||
| 650 |
_aLiteratura peruana _9169 |
||
| 650 |
_aCuentos Peruanos _933 |
||
| 650 |
_aSiglo XX _98 |
||
| 942 |
_2ddc _cLIBROS |
||
| 945 |
_acmm _d2019-04-04 |
||